000 00227nam a22000857a 4500
008 161026b xxu||||| |||| 00| 0 eng d
100 _9956
_aDahl.R.
245 _aCharline and the Chocolate
260 _aUSA
_bJonathan Publications
_c1995
999 _c3611
_d3611